| 000 | 00596nam a2200205 a 4500 | ||
|---|---|---|---|
| 001 | 3664 | ||
| 003 | CDMR | ||
| 005 | 20130522135301.0 | ||
| 008 | 130130s1990||||||||||||||||||||||||||||d | ||
| 020 | _a8486332591 | ||
| 040 |
_aCDMR _bcat _cCDMR |
||
| 100 | 1 |
_92923 _aArtís-Gener, Avel·lí _d1912-2000 |
|
| 245 | 1 | 0 |
_aTísner revela les interioritats de El Be Negre, setmanari satíric _cAvel.lí Artís-Gener |
| 260 |
_aMataró _c1990 _bL'Aixernador |
||
| 300 |
_a105 p ; _c21 cm |
||
| 490 | 0 | _aAloc | |
| 610 | 0 | 4 |
_92613 _aEl Be Negre (Revista) |
| 650 | 0 | 4 |
_93164 _aPremsa satírica |
| 942 |
_cMON _2udc |
||
| 999 |
_c3664 _d3664 |
||